[Event "Santa Cruz de Tenerife op 9th"]
[Site "Santa Cruz de Tenerife"]
[Date "2023.08.04"]
[Round "9"]
[White "Ballesteros Avila, Antonio"]
[Black "Diaz Reyes, Iker"]
[Result "1-0"]
[WhiteElo "1978"]
[BlackElo "1360"]
[PlyCount "53"]
[EventDate "2023.07.17"]
[EventType "swiss"]
[EventRounds "9"]
[EventCountry "ESP"]
[SourceTitle "CBM 215 Extra"]
[Source "ChessBase"]
[SourceDate "2023.09.30"]
[SourceVersion "1"]
[SourceVersionDate "2023.09.30"]
[SourceQuality "1"]

1. d4 Nf6 2. Bf4 g6 3. Nc3 Bg7 4. e4 d5 5. e5 Ne4 6. Nxe4 dxe4 7. Qd2 c5 8. c3 cxd4 9. cxd4 Nc6 10. Rd1 0-0 11. Ne2 a6 12. Nc3 Bf5 13. h3 h5 14. Be2 Qd7 15. Rg1 b5 16. g4 b4 17. Na4 hxg4 18. hxg4 Nxd4 19. Qxd4 Qxa4 20. gxf5 Qxa2 21. f6 exf6 22. exf6 Bh8 23. Bc4 a5 24. Rxg6+ Kh7 25. Rh6+ Kg8 26. Ke2 Bg7 27. Rg1 1-0

[Event "Santa Cruz de Tenerife op 9th"]
[Site "Santa Cruz de Tenerife"]
[Date "2023.07.24"]
[Round "4"]
[White "Diaz Reyes, Iker"]
[Black "De Leon Gonzalez, Yraya"]
[Result "1-0"]
[WhiteElo "1360"]
[BlackElo "1046"]
[PlyCount "55"]
[EventDate "2023.07.17"]
[EventType "swiss"]
[EventRounds "9"]
[EventCountry "ESP"]
[SourceTitle "CBM 215 Extra"]
[Source "ChessBase"]
[SourceDate "2023.09.30"]
[SourceVersion "1"]
[SourceVersionDate "2023.09.30"]
[SourceQuality "1"]

1. e4 e5 2. Nf3 Nc6 3. Bc4 Bc5 4. 0-0 Nf6 5. d4 exd4 6. e5 d5 7. exf6 dxc4 8. Re1+ Be6 9. fxg7 Rg8 10. Bg5 f6 11. Rxe6+ Be7 12. Bxf6 Kf7 13. Bxe7 Nxe7 14. Ng5+ Ke8 15. Qh5+ Kd7 16. Qxh7 Nc6 17. Qf5 Ne7 18. Rd6+ Kxd6 19. Qe6+ Kc5 20. Ne4+ Kb5 21. Na3+ Ka5 22. Nxc4+ Kb5 23. a4+ Kb4 24. c3+ dxc3 25. bxc3+ Kb3 26. Na5+ Kc2 27. Ra2+ Kd3 28. Rd2# 1-0

[Event "Tenerife-chT Primera"]
[Site "Tenerife"]
[Date "2023.03.11"]
[Round "7.3"]
[White "Pena Reyes, Alvaro"]
[Black "Diaz Reyes, Iker"]
[Result "1-0"]
[WhiteElo "1464"]
[BlackElo "1327"]
[PlyCount "85"]
[EventDate "2023.01.14"]
[EventType "team-tourn"]
[EventRounds "14"]
[EventCountry "ESP"]
[SourceTitle "EXT 2024"]
[Source "ChessBase"]
[SourceDate "2023.10.10"]
[SourceVersion "1"]
[SourceVersionDate "2023.10.10"]
[SourceQuality "1"]
[WhiteTeam "Caissa Enroque II"]
[BlackTeam "Fundacion La Caja de Canarias"]
[WhiteTeamCountry "ESP"]
[BlackTeamCountry "ESP"]

1. e4 e5 2. Nf3 Nc6 3. Bb5 a6 4. Ba4 Nf6 5. d3 b5 6. Bb3 Be7 7. 0-0 0-0 8. h3 Bb7 9. c3 Re8 10. Re1 h6 11. Nbd2 Bc5 12. Nf1 d6 13. Be3 Bxe3 14. Rxe3 Ne7 15. Ng3 Ng6 16. a4 d5 17. exd5 Bxd5 18. Bxd5 Nxd5 19. Re4 Ndf4 20. d4 Qf6 21. axb5 exd4 22. cxd4 Rxe4 23. Nxe4 Qf5 24. Nc5 Nxg2 25. Kxg2 Nf4+ 26. Kg3 g5 27. Nxg5 hxg5 28. Qg4 Qd5 29. Qf3 Qxf3+ 30. Kxf3 a5 31. b4 a4 32. Na6 c6 33. bxc6 Rxa6 34. b5 Ra8 35. b6 Ne6 36. Ke4 Rb8 37. b7 f6 38. Rxa4 Nc7 39. d5 Re8+ 40. Kd4 Rd8 41. Kc5 Kf7 42. d6 Ne6+ 43. Kb6 1-0

[Event "Santa Cruz Christmas op 32nd"]
[Site "Santa Cruz"]
[Date "2022.12.23"]
[Round "6"]
[White "Diaz Reyes, Iker"]
[Black "Montoro Salvatierra, Pedro"]
[Result "1/2-1/2"]
[WhiteElo "1327"]
[BlackElo "1621"]
[PlyCount "132"]
[EventDate "2022.12.15"]
[EventType "swiss"]
[EventRounds "9"]
[EventCountry "ESP"]
[SourceTitle "EXT 2024"]
[Source "ChessBase"]
[SourceDate "2023.10.10"]
[SourceVersion "1"]
[SourceVersionDate "2023.10.10"]
[SourceQuality "1"]

1. e4 e5 2. Nf3 Nc6 3. d4 exd4 4. Nxd4 Bc5 5. Be3 Qf6 6. c3 Nge7 7. Bc4 Qg6 8. Qf3 Ne5 9. Qe2 Qxg2 10. Qf1 Qxf1+ 11. Bxf1 0-0 12. Be2 d6 13. Rg1 f5 14. f3 fxe4 15. fxe4 Bxd4 16. Bxd4 N7c6 17. Bc4+ Kh8 18. Be2 Nxd4 19. cxd4 Nf3+ 20. Bxf3 Rxf3 21. Nc3 Bd7 22. 0-0-0 Raf8 23. Rd2 Be8 24. Rdg2 Bg6 25. Kd2 R8f7 26. Re1 c6 27. Re3 Kg8 28. Rge2 Rf1 29. Re1 Kf8 30. Rxf1 Rxf1 31. Re1 Rxe1 32. Kxe1 Ke7 33. Ke2 Kf6 34. Kf3 Be8 35. b4 g5 36. Nb1 h5 37. Nd2 Bf7 38. a3 Be6 39. Nf1 a6 40. Ne3 b6 41. Kg3 Bb3 42. Kf3 c5 43. bxc5 bxc5 44. Nf5 cxd4 45. Nxd4 Ba4 46. Ke3 Bd7 47. Nc2 Bc8 48. Nb4 Bb7 49. Nc2 Ke5 50. Nb4 h4 51. Nd3+ Kf6 52. Nb4 g4 53. Kf4 g3 54. hxg3 h3 55. Nd3 Kg6 56. g4 h2 57. Nf2 d5 58. Kg3 dxe4 59. Kxh2 e3 60. Nd3 Kg5 61. Kg3 Be4 62. Nc5 Bc6 63. Nxa6 e2 64. Kf2 Kxg4 65. Kxe2 Bb5+ 66. Kd2 Bxa6 1/2-1/2

[Event "ESP-ch U12 Rapid"]
[Site "Salobrena"]
[Date "2022.07.16"]
[Round "1"]
[White "Diaz Reyes, Iker"]
[Black "Lazaro Del Arco, Martina"]
[Result "1/2-1/2"]
[WhiteElo "1161"]
[BlackElo "1413"]
[PlyCount "91"]
[EventDate "2022.07.09"]
[EventType "swiss (rapid)"]
[EventRounds "9"]
[EventCountry "ESP"]
[SourceTitle "EXT 2023"]
[Source "ChessBase"]
[SourceDate "2022.10.05"]
[SourceVersion "1"]
[SourceVersionDate "2022.10.05"]
[SourceQuality "1"]

1. e4 d5 2. exd5 Qxd5 3. Nc3 Qa5 4. d4 Nf6 5. Bd2 c6 6. Nf3 Bf5 7. Bc4 e6 8. h3 Qc7 9. Ne5 Nbd7 10. Bf4 Bd6 11. Nxd7 Qxd7 12. Bxd6 Qxd6 13. Qd2 0-0 14. g4 Be4 15. Nxe4 Nxe4 16. Qd3 Nf6 17. c3 Nd5 18. Bxd5 exd5 19. 0-0-0 Qf4+ 20. Qd2 Qxd2+ 21. Rxd2 Rfe8 22. Kd1 Re7 23. Re1 Rae8 24. Rde2 Kf8 25. Kd2 f6 26. a3 a5 27. b3 Kf7 28. Rxe7+ Rxe7 29. Rxe7+ Kxe7 30. b4 axb4 31. axb4 f5 32. f4 fxg4 33. hxg4 Kf6 34. Ke3 g6 35. Kf3 h5 36. Kg3 hxg4 37. Kxg4 b6 38. Kg3 Kf5 39. Kf3 g5 40. fxg5 Kxg5 41. Kg3 Kf5 42. Kf3 b5 43. Ke3 Kg4 44. Ke2 Kf4 45. Kf2 Kg4 46. Kg2 1/2-1/2

[Event "Tenerife-chT Primera"]
[Site "Tenerife"]
[Date "2022.05.21"]
[Round "13.2"]
[White "Diaz Luiz, Pedro"]
[Black "Diaz Reyes, Iker"]
[Result "1/2-1/2"]
[WhiteElo "1625"]
[BlackElo "1231"]
[PlyCount "58"]
[EventDate "2022.01.29"]
[EventType "team-tourn"]
[EventRounds "14"]
[EventCountry "ESP"]
[SourceTitle "EXT 2024"]
[Source "ChessBase"]
[SourceDate "2023.10.10"]
[SourceVersion "1"]
[SourceVersionDate "2023.10.10"]
[SourceQuality "1"]
[WhiteTeam "Al Shah Mat Los Realejos II"]
[BlackTeam "Fundacion La Caja de Canarias II"]
[WhiteTeamCountry "ESP"]
[BlackTeamCountry "ESP"]

1. e4 e5 2. Nf3 Nc6 3. Bb5 a6 4. Ba4 Nf6 5. 0-0 b5 6. Bb3 Bc5 7. d3 Bb7 8. c3 Ba7 9. Bg5 h6 10. Bh4 0-0 11. Na3 d6 12. Nc2 Qe7 13. Ne3 Bxe3 14. fxe3 Kh8 15. Nd2 g5 16. Bg3 Na5 17. Qf3 Nxb3 18. axb3 Nh7 19. Qh5 Qe6 20. b4 f5 21. exf5 Rxf5 22. Rxf5 Qxf5 23. e4 Qe6 24. Rf1 Kg7 25. Qe2 Rf8 26. Rxf8 Nxf8 27. Qf2 Ng6 28. Qa7 Qe8 29. Nf3 Qa8 1/2-1/2

[Event "Tenerife-ch"]
[Site "Santa Cruz"]
[Date "2022.04.29"]
[Round "5"]
[White "Diaz Reyes, Iker"]
[Black "De la Paz Barreto, Aaron"]
[Result "1/2-1/2"]
[WhiteElo "1266"]
[BlackElo "1252"]
[PlyCount "102"]
[EventDate "2022.04.20"]
[EventType "swiss"]
[EventRounds "9"]
[EventCountry "ESP"]
[SourceTitle "EXT 2023"]
[Source "ChessBase"]
[SourceDate "2022.10.05"]
[SourceVersion "1"]
[SourceVersionDate "2022.10.05"]
[SourceQuality "1"]

1. e4 e5 2. Nf3 d6 3. Bc4 Be7 4. Nc3 Nf6 5. h3 Nbd7 6. 0-0 0-0 7. d3 h6 8. Nh2 Nh7 9. f4 exf4 10. Bxf4 Ndf6 11. Qe2 Be6 12. Bxe6 fxe6 13. Ng4 e5 14. Be3 Qd7 15. Rf5 Nxg4 16. Qxg4 Rxf5 17. exf5 Bg5 18. Re1 Bxe3+ 19. Rxe3 c6 20. Qg6 Qf7 21. Qxd6 Qxf5 22. Rxe5 Qf6 23. Ne4 Qxd6 24. Nxd6 Kf8 25. b3 b6 26. Re4 Nf6 27. Rf4 Ke7 28. Ne4 Nd5 29. Rf2 Nb4 30. a3 Nd5 31. Re2 Kd7 32. Rf2 Ke7 33. c4 Nf6 34. Nxf6 gxf6 35. Re2+ Kd6 36. d4 b5 37. Rb2 Rb8 38. Rf2 Ke6 39. c5 Rd8 40. Re2+ Kd5 41. Kf2 Rg8 42. Re7 Kxd4 43. Re6 Kxc5 44. Rxf6 Rd8 45. Ke2 Rd6 46. b4+ Kd5 47. Rxd6+ Kxd6 48. Kd3 Ke5 49. g3 Kd5 50. h4 h5 51. Ke3 Ke5 1/2-1/2

[Event "Tenerife-chT Primera"]
[Site "Tenerife"]
[Date "2022.04.02"]
[Round "8.3"]
[White "Baez Luis, Adrian"]
[Black "Diaz Reyes, Iker"]
[Result "1-0"]
[WhiteElo "1656"]
[BlackElo "1231"]
[PlyCount "53"]
[EventDate "2022.01.29"]
[EventType "team-tourn"]
[EventRounds "14"]
[EventCountry "ESP"]
[SourceTitle "EXT 2024"]
[Source "ChessBase"]
[SourceDate "2023.10.10"]
[SourceVersion "1"]
[SourceVersionDate "2023.10.10"]
[SourceQuality "1"]
[WhiteTeam "Ebano Barrio Nuevo II"]
[BlackTeam "Fundacion La Caja de Canarias II"]
[WhiteTeamCountry "ESP"]
[BlackTeamCountry "ESP"]

1. e4 e5 2. d4 exd4 3. Qxd4 Nc6 4. Qe3 b6 5. Nc3 Bb7 6. Bd2 Bc5 7. Qg3 Qf6 8. Nf3 Bd6 9. Qh3 Nge7 10. 0-0-0 0-0-0 11. Kb1 h6 12. Nb5 Bc5 13. Bc3 Qg6 14. Bd3 Bxf2 15. Rhf1 Bc5 16. Ne5 Nxe5 17. Bxe5 Bd6 18. Bxd6 cxd6 19. Nxa7+ Kb8 20. Nb5 Bc6 21. e5 Bxg2 22. Qe3 Nd5 23. Qf2 Qg5 24. Rg1 Qf4 25. Rxg2 Qb4 26. c4 Qa4 27. b3 1-0

[Event "Tenerife-chT Primera"]
[Site "Tenerife"]
[Date "2021.03.13"]
[Round "3.3"]
[White "Diaz Reyes, Iker"]
[Black "Gonzalez Miranda, Alejandro"]
[Result "1-0"]
[WhiteElo "1225"]
[BlackElo "1280"]
[PlyCount "87"]
[EventDate "2021.02.27"]
[EventType "team-tourn"]
[EventRounds "14"]
[EventCountry "ESP"]
[SourceTitle "EXT 2023"]
[Source "ChessBase"]
[SourceDate "2022.10.05"]
[SourceVersion "1"]
[SourceVersionDate "2022.10.05"]
[SourceQuality "1"]
[WhiteTeam "Fundacion La Caja de Canarias II"]
[BlackTeam "Santa Ursula Badnor"]
[WhiteTeamCountry "ESP"]
[BlackTeamCountry "ESP"]

1. e4 e5 2. Nf3 d6 3. Nc3 Nf6 4. d4 exd4 5. Nxd4 c5 6. Nf3 Be7 7. Bf4 0-0 8. Be2 Nc6 9. 0-0 Be6 10. e5 dxe5 11. Nxe5 Nxe5 12. Bxe5 Re8 13. Re1 a6 14. Bf3 Qb6 15. Na4 Qb5 16. Nc3 Qb6 17. Na4 Qb5 18. Nc3 Qb6 19. Na4 Qa7 20. Qe2 Rad8 21. Qe3 b5 22. Nc3 Bf5 23. Ne4 Bxe4 24. Bxe4 Nxe4 25. Qxe4 Bd6 26. Qf5 Bxe5 27. Rxe5 Rxe5 28. Qxe5 Qd7 29. Kf1 Qd6 30. Re1 Kf8 31. Qxd6+ Rxd6 32. Re5 c4 33. Ke2 Re6 34. f4 Rxe5+ 35. fxe5 f6 36. Ke3 Kf7 37. Kd4 fxe5+ 38. Kxe5 g6 39. g4 h6 40. h4 a5 41. g5 hxg5 42. hxg5 c3 43. bxc3 b4 44. c4 1-0

[Event "Tenerife-chT Tercera-A 1920"]
[Site "Tenerife"]
[Date "2020.01.04"]
[Round "4.2"]
[White "Diaz Reyes, Iker"]
[Black "Lugo Lugo, Vladimiro"]
[Result "0-1"]
[WhiteElo "1141"]
[BlackElo "1270"]
[PlyCount "43"]
[EventDate "2019.11.30"]
[EventType "team-tourn"]
[EventRounds "14"]
[EventCountry "ESP"]
[SourceTitle "CBM 195 Extra"]
[Source "ChessBase"]
[SourceDate "2020.05.31"]
[SourceVersion "1"]
[SourceVersionDate "2020.05.31"]
[SourceQuality "1"]
[WhiteTeam "Fundacion La Caja de Canarias III"]
[BlackTeam "Playa San Juan II"]
[WhiteTeamCountry "ESP"]
[BlackTeamCountry "ESP"]

1. e4 e5 2. Nf3 d6 3. d4 exd4 4. Nxd4 c5 5. Nf3 Bg4 6. Be2 Nc6 7. Nc3 Nf6 8. Bg5 Be7 9. 0-0 Qd7 10. Qd2 0-0-0 11. Rfd1 h6 12. Bf4 g5 13. Bg3 Bxf3 14. Bxf3 Nd4 15. Be2 h5 16. h3 h4 17. Bh2 g4 18. hxg4 Nxg4 19. Bf4 h3 20. Bf1 hxg2 21. Bxg2 Rdg8 22. Bg3 0-1